000 00505nam a2200169Ia 4500
008 150121s9999 xx 000 0 und d
020 _a0116-7111
245 _aDLSU Business & Economics Review /
_h[electronic resource]
260 _bDe La Salle University,
_c2014.
516 _aElectronic text
650 _aAccounting.
650 _aBusiness Management.
650 _aCommercial Law.
830 _aPhilippine E-Journals
856 _uhttp://www.ejournals.ph/index.php?journal=BER
942 _cEJ
999 _c277007
_d277007